| 000 | 00949nac a22002651i 4500 | ||
|---|---|---|---|
| 003 | EG-ScBUE | ||
| 005 | 20230711095031.0 | ||
| 008 | 230711r19671949nyub f 001 0 eng d | ||
| 040 |
_aEG-ScBUE _beng _erda _cEG-ScBUE _dEG-ScBUE |
||
| 082 | 0 | 4 |
_a910.0917492 _bHIT _222 |
| 100 | 1 |
_aHitti, Philip K. _q(Philip Khuri), _d1886-1978, _eauthor. |
|
| 245 | 1 | 4 |
_aThe Arabs : _ba short history / _cPhilip K. Hitti, professor emeritus of semitic literature, Princeton University. |
| 250 | _aSixth printing. | ||
| 264 | 1 |
_aChicago : _bA Gateway Edition, Henry Regnery Company, _c1967. |
|
| 300 |
_a274 pages : _bmaps ; _c20 cm |
||
| 336 |
_2rdacontent _atext _btxt |
||
| 337 |
_2rdamedia _aunmediated _bn |
||
| 338 |
_2rdacarrier _avolume _bnc |
||
| 500 | _aIncludes index. | ||
| 650 | 7 |
_aArabs _xHistory. _2BUEsh |
|
| 650 | 7 |
_aCivilization, Islamic. _2BUEsh |
|
| 655 | _vReading book | ||
| 942 |
_cBB _2ddc |
||
| 999 |
_c2961 _d2961 |
||